Introduction to VLSI systems. 3

Salvato in:
Dettagli Bibliografici
Autori principali: Mead, Carver (Autore), Convay, Lynn (Autore)
Natura: Libro
Lingua:inglese
Pubblicazione: Reading : Addison-Wesley, 1980
Tags: Aggiungi Tag
Nessun Tag, puoi essere il primo ad aggiungerne!!

MARC

LEADER 00000nam a22000003a 4500
001 stu89115
005 20150617225627.9
008 040720s1980------------------------eng-d
040 |a STU  |b slo 
041 0 |a eng 
100 1 |a Mead, Carver  |4 aut 
245 1 |a Introduction to VLSI systems. 3 
260 |a Reading :  |b Addison-Wesley,  |c 1980 
700 1 |a Convay, Lynn  |4 aut 
996 |c I*2C2723  |l I  |s A  |a 24  |w stu89115_0001